00458 2200169 4500001002100000005001700021008004100038020001800079035002500097041000700122082001300129090001900142100001700161245005300178260004200231650001500273INLIS0000000000041050:yyyyMMddHHmmss180719||||||||| | ||| |||| || |  a979-22-3341-5 a0010-031300000004105 aid0 a641.8654 a641.8654 HID b0 akoko hidayat00aBangkok crunchy cookies : kue kering ala bangkok aJakartabGramedia pustaka utamac2007 0akue kering